00646nam a2200193Ia 4500952014100000999001700141003000400158005001700162008004100179020001800220040000900238082001800247100002900265245004400294260003800338300000800376650002600384942004200410 00102ddc40708PHILOSOPHYaMESbMEScPHILOSOPHYd2019-02-20g160.00l0o133.53 VIS/Sp31976r2019-02-20 00:00:00w2019-02-20yBKzU3R2 c14338d14338OSt20201020114949.0190216s9999||||xx |||||||||||||| ||und|| a9780143334965 coclc a133.53bVIS/S aViswanath, Shobha 95974 2aA Skyful Of Stories /cShobha Viswanath bPuffin Books ,aNew Delhi:c2005. a130 aEnglish Short Stories cBK2ddch133.53iVIS/Sk133.53mVIS/S